Lataa...
Lorikkaran
| Päätekijä: | |
|---|---|
| Aineistotyyppi: | Printed Book |
| Kieli: | English |
| Julkaistu: |
Thrissur
Current books
2006
|
| Aiheet: |
| LEADER | 00531nam a22001697a 4500 | ||
|---|---|---|---|
| 005 | 20151026130339.0 | ||
| 008 | 091023t xxu||||| |||| 00| 0 eng d | ||
| 020 | |a 81-226-0538-9 | ||
| 080 | |a FM |b BAB/L | ||
| 100 | |a Babuji, Mezhuveli |9 8088 | ||
| 245 | |a Lorikkaran | ||
| 260 | |a Thrissur |b Current books |c 2006 |9 7309 | ||
| 300 | |a 216p. | ||
| 653 | |a Fiction- Malayalam literature | ||
| 942 | |c BK |6 _ | ||
| 999 | |c 3600 |d 3600 | ||
| 952 | |0 0 |1 0 |2 udc |4 0 |6 FM_BABL |7 0 |9 14298 |a UL |b UL |d 2009-10-23 |l 9 |o FM BAB/L |p 00055779 |r 2015-09-30 |s 2015-09-30 |w 2009-10-23 |y BK | ||